| 000 | 01176cam a22002651i 4500 | ||
|---|---|---|---|
| 003 | SA-RiAUC | ||
| 005 | 20251015065148.0 | ||
| 008 | 251015s1997 su g b f00000 ara c | ||
| 040 |
_aSA-RiAUC _bara _cSA-RiAUC _erda |
||
| 043 | _aa-su--- | ||
| 082 | 0 | 4 | _a011.3109531 |
| 090 |
_a011.3109531 _bم ر ك |
||
| 110 | 2 |
_aمركز الملك فيصل للبحوث والدراسات الإسلامية _eمؤلف. |
|
| 245 | 1 | 0 |
_aفهرس المخطوطات/ _cمركز الملك فيصل للبحوث والدراسات الإسلامية. |
| 250 | _aالطبعة الأولى. | ||
| 264 | 1 |
_aالرياض : _bمركز الملك فيصل للبحوث والدراسات الإسلامية، _c1990 |
|
| 300 |
_aمجلدات؛ _c24 سم |
||
| 336 |
_aنص _btxt _2rdacontent _3كتاب |
||
| 337 |
_aبدون وسيط _bn _2rdamedia |
||
| 338 |
_aمجلد _bnc _2rdacarrier |
||
| 610 | 2 | 7 |
_aمركز الملك فيصل للبحوث والدراسات الإسلامية _xمخطوطات _vفهارس _2aucnm |
| 650 | 7 |
_aالمخطوطات العربية _zالسعودية _vببليوجرافيات _2aucsh |
|
| 942 |
_2ddc _cBOOK _n0 |
||
| 949 |
_aSA-JeALM _d251015 _ueid123 _n1 |
||
| 999 |
_c12555 _d12555 |
||